| 000 | 00353nam a2200097Ia 4500 | ||
|---|---|---|---|
| 008 | 160523s9999 xx 000 0 und d | ||
| 245 | _aSupply Chain Management - Pathways for Research and Practice | ||
| 245 | _cEdited by Dilek Onkal | ||
| 260 | _c2011 | ||
| 856 | _uhttp://www.intechopen.com/books/supply-chain-management-pathways-for-research-and-practice | ||
| 999 |
_c294908 _d294908 |
||